=LDR 00000nam 2200000 4500 =001 NUTBA000000000005400 =005 20201203114205 =035 ##$$a 0010-101400000000630 =008 201203###########################0###### =040 ##$$a NBPDMAT =082 ##$$a 330.076 =090 ##$$a 330.076 Roc l =100 ##$$a Rochaeri =245 1#$$a LKS utama ekonomi untuk SMA/MA kelas II semester I /$c Rochaeri =250 ##$$a Cet. 1 =260 ##$$a Jakarta :$b Widya Utama,$c 2007 =300 ##$$a 72 hlm : $b ilus ; $c 29 cm =650 #4$$a Ekonomi SMA - Soal dan Latihan =850 ##$$a NBPDMAT =990 ##$$a 21414837 =990 ##$$a 21414838 =990 ##$$a 21414839 =990 ##$$a 21414840 =990 ##$$a 21414841